El proceso del aprendizaje y la instrucción programada

Uloženo v:
Podrobná bibliografie
Hlavní autor: Green, Edward J (Autor)
Médium: Kniha
Jazyk:španělština
Vydáno: Buenos Aires Troquel 1967
Vydání:2a. ed
Témata:
Tagy: Přidat tag
Žádné tagy, Buďte první, kdo vytvoří štítek k tomuto záznamu!

MARC

LEADER 00000nam a2200000 a 4500
001 UCU3177
003 CL-VaPUC
008 960502e19670000AG |||||||||||||||||spa|d
082 0 4 |a 371.394  |b GRE  |2 21 
100 |a Green, Edward J  |e author  |9 359960 
245 1 3 |a El proceso del aprendizaje y la instrucción programada 
250 |a 2a. ed 
300 |a 189 p 
942 |c BK 
945 |d 19960502 00:00:00  |a paguirre 
260 |a Buenos Aires  |b Troquel  |c 1967 
650 7 |a ENSEÑANZA PROGRAMADA  |2 CL-VaPUC  |9 263217 
650 0 |a Procesos de aprendizaje  |9 309161 
650 0 |a Psicología educacional   |9 307830 
583 |a last modification  |c 19960502 00:00:00  |k Rodrigo Vera 
999 |c 247271  |d 247269 
952 |0 0  |1 0  |4 0  |6 371_394000000000000_GRE_1967  |7 0  |8 P  |9 263017  |a BIBEDU  |b BIBEDU  |c BIBEDU_PB  |d 2019-11-19  |i 3226239  |o 371.394 GRE 1967  |p 3226239  |r 2024-01-25  |w 2019-11-19  |y BK  |k EDU